| 000 | 01246nam0a22003611 4500 | ||
|---|---|---|---|
| 001 | RU\NLR\A1SV\129760 | ||
| 005 | 20251203171251.9 | ||
| 035 | _a(NLR Aleph) 010520525 | ||
| 090 |
_a10212209 _c10212209 |
||
| 100 | _a20141015d1922 u y0rusy50 ca | ||
| 101 | 1 |
_arus _ceng |
|
| 102 | _aRU | ||
| 200 | 1 |
_aИзлучение _e(Radiation) _fД.Филлипс _gПер. с англ. К.А.Леонтьева _gПод ред. А.К.Тимирязева |
|
| 205 |
_a2-е изд. _bпросм. ред. |
||
| 210 |
_aМ. _cПечатник _d[1922] |
||
| 215 |
_a[2], 109, [2] с. _cчерт. _d18 см |
||
| 300 | _aПер. также под загл.: Видимые и невидимые излучения | ||
| 517 | 1 | _aВидимые и невидимые излучения | |
| 620 | _dМосква | ||
| 700 | 1 |
_aФиллипс _bД. _gДжон |
|
| 702 | 1 |
_aЛеонтьев _bК. А. |
|
| 702 | 1 |
_aТимирязев _bА. К. _f1880-1955 _gАркадий Климентович |
|
| 801 | 0 |
_aRU _bNLR _c20141015 |
|
| 852 |
_aNLR _j38.2.1.18 |
||
| 852 |
_aNLR _j38.2.1.18а |
||
| 899 | _aМГУ | ||
| 899 | _aСамОУНБ | ||
| 899 | _aРГБ | ||
| 899 | _aКирОУНБ | ||
| 942 | _cBOOK | ||
| 980 | _aNB | ||
| 980 | _aA1SV | ||